| 000 | 01018pam a2200277 a 4500 | ||
|---|---|---|---|
| 001 | 2106932 | ||
| 003 | GBCCL | ||
| 005 | 20241126110421.0 | ||
| 008 | 960614s1996 cau b 000 0 eng | ||
| 010 | _a 96026299 | ||
| 020 | _a0830718761 (hardcover) | ||
| 040 |
_aDLC _cDLC _dDLC |
||
| 050 | 0 | 0 |
_aBV4596.M3 _bW47 1996 |
| 082 | 0 | 0 |
_a248.844 _220 _bWRI |
| 100 | 1 |
_aWright, H. Norman. _9714 |
|
| 245 | 1 | 0 |
_aStarting out together : _bcouples devotional : for pre-engaged, engaged & newlywed couples / _cH. Norman Wright. |
| 260 |
_aVentura, Calif. : _bRegal Books, _cc1996. |
||
| 300 |
_a128 p. ; _c22 cm. |
||
| 504 | _aIncludes bibliographical references. | ||
| 650 | 0 |
_aSpouses _vPrayers and devotions. _94437 |
|
| 650 | 0 |
_aDevotional calendars. _91878 |
|
| 650 | 0 |
_aMarriage _xReligious aspects _xChristianity. _9295 |
|
| 906 |
_a7 _bcbc _corignew _d1 _eocip _f19 _gy-gencatlg |
||
| 942 |
_2ddc _cBK _011 |
||
| 999 |
_c2169 _d2169 |
||